| 000 | 00806nam a2200277 i 4500 | ||
|---|---|---|---|
| 001 | 15197 | ||
| 003 | ES-MaACL | ||
| 005 | 20250902080859.0 | ||
| 007 | t| | ||
| 008 | 000117s1999 sp ||||1| spa d | ||
| 020 | _a84-7880-813-2 | ||
| 080 | _a334.713(4-672 UE) | ||
| 080 | _a339.92(4-672 UE) | ||
| 100 | 1 |
_aRuiz, Gabriel. _9100608 |
|
| 245 | 1 | 0 |
_aOportunidades en Eurolandia / _cGabriel Ruis y Ester Uriol. |
| 250 | _a1ª ed. | ||
| 260 |
_aMadrid : _bTemas de Hoy, _c1999. |
||
| 300 |
_a366 p. ; _c22 cm. |
||
| 490 | 1 | _aEmprendedores | |
| 650 | 1 | 4 |
_aPequeñas y medianas empresas- _xAyudas comunitarias _915926 |
| 651 | 0 |
_a _9236693 |
|
| 700 | 1 |
_aUriol, Ester. _9112178 |
|
| 830 | 0 |
_aEmprendedores _9228561 |
|
| 852 |
_aES-MaACL _jL-22352 _bR.127685 |
||
| 999 |
_c15197 _d15197 |
||